Guide to playing fields published (Record no. 72161)
[ view plain ]
| 000 -LEADER | |
|---|---|
| fixed length control field | 00888cam a2200181 4500 |
| 001 - CONTROL NUMBER | |
| control field | WB3908-20 |
| 008 - FIXED-LENGTH DATA ELEMENTS--GENERAL INFORMATION | |
| fixed length control field | 030226n2003 000 0 eng u |
| 035 ## - SYSTEM CONTROL NUMBER | |
| System control number | (Sirsi) u121438 |
| 245 ## - TITLE STATEMENT | |
| Title | Guide to playing fields published |
| 260 ## - PUBLICATION, DISTRIBUTION, ETC. | |
| Date of publication, distribution, etc. | 2003 |
| 490 ## - SERIES STATEMENT | |
| Series statement | Sport England Press Release |
| Volume/sequential designation | 13 February 2003 (2) |
| 520 ## - SUMMARY, ETC. | |
| Summary, etc. | "Towards a level playing field" has been published by Sport England aiming to provide new sports pitches and to stem their loss. It is targeted at local authorities and includes an electronic toolkit for assessment of facilities. Copies of the guide are downloadable from http://www.sportengland.org/whatwedo/places/pitch_strategy.htm or t +44 (0)20 7273 1500 http://www.sportengland.org/press_releases/playing-fields-guidance.htm |
| 590 ## - LOCAL NOTE (RLIN) | |
| Local note | WB |
| 650 ## - SUBJECT ADDED ENTRY--TOPICAL TERM | |
| Topical term or geographic name entry element | PLAYING FIELDS |
| 650 ## - SUBJECT ADDED ENTRY--TOPICAL TERM | |
| Topical term or geographic name entry element | SPORTS FACILITIES |
| 690 ## - LOCAL SUBJECT ADDED ENTRY--TOPICAL TERM (OCLC, RLIN) | |
| Topical term or geographic name as entry element | LEISURE AND RECREATION |
| 942 ## - ADDED ENTRY ELEMENTS (KOHA) | |
| Suppress in OPAC | 0 |
| Withdrawn status | Lost status | Source of classification or shelving scheme | Damaged status | Not for loan | Home library | Current library | Shelving location | Date acquired | Total Checkouts | Full call number | Barcode | Date last seen | Copy number | Price effective from | Koha item type |
|---|---|---|---|---|---|---|---|---|---|---|---|---|---|---|---|
| Dewey Decimal Classification | London | London | News article | 26/02/2003 | WB3908-20 | 121438-1001 | 06/08/2019 | 1 | 06/08/2019 | News article |